000 01890cab a2200301 ab4500
005 20250602134658.0
008 991125c2019 ck fr p o 000 0 spa d
035 _aUPN01000233834
040 _aMX-MxUPN
_bspa
_cMX-MxUPN
_eaacr2
049 _aART-E
100 1 _aCárcamo, Rodrigo A.
_6- rodrigo.carcamo@umag.cl
100 1 _aLagos, Sandy
100 1 _aGarcía Riquelme, Alejandra
100 1 _aGómez, Esteban
245 1 0 _aApego en niños con asistencia temprana a salas cuna en la ciudad de Punta Arenas (Chile) :
_bun estudio piloto
_h[recurso electrónico en línea]
506 0 _aAcceso abierto
520 3 _aEste estudio piloto tuvo por objetivo conocer los vínculos de apego en niños y niñas que asisten a salas cuna. Se aplicó la Escala de apego durante estrés (ADS) a 25 díadas madre-infante (cuyos niños y niñas tenían entre 10 y 14 meses de edad), que asistían a salas cuna en la ciudad de Punta Arenas. La muestra fue no probabilística intencional, mientras que el diseño no experimental, transversal, descriptivo.Los resultados indican que la distribución de los tipos de apego es similar al patrón universal; sin embargo, una prolongada estadía en salas cuna se asocia a un mayor riesgo de apego inseguro aun cuando los efectos de la edad de ingreso son controlados. Se discuten los alcances e implicancias para futuras investigaciones. RLCS
653 0 _aApego infantil
653 0 _aOrfanatos
653 0 _aCuidado infantil
653 0 _aAtención temprana
773 _gVol. 17, no. 2, (2019), p. 1-21
_tRevista latinoamericana de ciencias sociales, niñez y juventud
_x2027-7679
856 4 _uhttp://revistaumanizales.cinde.org.co/rlcsnj/index.php/Revista-Latinoamericana/article/view/3341/1016
856 4 _uhttp://dx.doi.org/10.11600/1692715x.17210
902 _aLeonor Sotres/020625
905 _aArticulo
942 _cART-E
_2lcc
999 _c205929
_d205929